Quizzes
Events
Quiz Creation
Community
Videos
Private Events
Remove Ads
Sign In
Join for FREE
Feedback
Dark Mode
Quiz Categories
Sports
Geography
Music
Movies
Television
Just For Fun
Miscellaneous
History
Literature
Language
Science
Gaming
Entertainment
Religion
Holiday
For Kids
Quiz Lab
Recent
Popular Today
Quiz Kudos Today
Editor Picks
Curator Picks
Quizzes by...
Day
Popularity
Type
Ratings
Length
Year
Community
Subscriptions
Recent Discussions
Orange Saloon
Badges
Playlists
Quests
Create
Leaderboards
Showdown
Live 5
Trivia Bingo
Activity
Puzzle Library
Sporcle Events
Private Events
Virtual Trivia
Globe League
Become a Host
Pub Owners
SporcleCon
Opinionation
Our Games
Videos
Blog
Mobile Apps
Partnerships
Remove Ads and Go Orange
Feedback
History
US Presidents
World Leaders
Politics
Nation
Discovery
War
Decade
Year
Century
Biography
Art
History
US Presidents
World Leaders
Politics
Nation
Discovery
War
Decade
Year
Century
Biography
Art
Random Quiz
Search Sporcle
×
Quiz Lab
Quiz Lab
History
War
Type in answers that appear in a list
Type in answers that appear in a list
Classic
Best Score? Go Orange.
Treaties That Ended Wars Stats
Can you name the Treaties That Ended Wars?
By
OnABoat999
10m
23 Questions
121 Plays
121 Plays
121 Plays
Comments
Comments
Give Quiz Kudos
Give Quiz Kudos
-
- Ratings
hide this ad
Forced Order
Answers have to be entered in order
Answers have to be entered in order
Random Order
Randomize order of answers
Randomize order of answers
Replay
Link that replays current quiz
Next Quiz
Link to next quiz in quiz playlist
You Got
0%
They Got
Avg Score
39%
Avg Friend Score
Upgrade to see
Score Distribution
Jump to the score distribution portion of the page
Score
0/23
Timer
10:00
0
Plays Today
War
Treaty
% Correct
World War I(between Allies and Germany)
Treaty of Versailles
78.5%
War of 1812
Treaty of Ghent
75.2%
American Revolutionary War
Treaty of Paris (1783)
71.9%
Mexican-
American War
Treaty of Guadalupe Hidalgo
66.1%
Russo-
Japanese War
Treaty of Portsmouth
59.5%
Thirty Years' War
Peace of Westphalia
57%
Seven Years' War (French and Indian War)
Treaty of Paris (1763)
54.5%
War of Spanish Succesion
Treaty of Utrecht
51.2%
Spanish-
American War
Sixth Treaty of Paris
48.8%
World War II(Europe)
Paris Peace Treaties, 1947
43%
Crimean War
Treaty of Paris(1856)
43%
Vietnam War
Paris Peace Accords
35.5%
War
Treaty
% Correct
World War I(between USA and Germany)
Treaty of Berlin
33.1%
War of the Seventh Coalition
Treaty of Paris(1815)
32.2%
First Opium War
Treaties of Nanking
31.4%
Bosnian War
Dayton Agreement
21.5%
Quasi War(USA and France)
Convention of 1800
20.7%
Eighty Years' War
Peace of Münster
20.7%
Austro-
Prussian War
Peace of Prague
19.8%
World War I (between Allies and Austria)
Treaty of Saint-Germain
18.2%
Korean War
Korean War Armistice Agreement
12.4%
Second Opium War
Treaties of Tientsin
11.6%
Neapolitan War
Treaty of Casalanza
8.3%
Quiz Playlist
Details
Report
Send in Message
Add To Playlist
Classic:
Type in answers that appear in a list
Forced Order:
Answers have to be entered in order
Random Order:
Randomize order of answers
Last Updated: Feb 16, 2017
Quiz Scoreboard
CHALLENGE
Sign Up to Join the Scoreboard
Show All
Scores
Hide
Comments
May contain spoilers
Recently Published
College Basketball Coaching Resumes
by pancakes188
Sports
9m
Billboard Blitz: Fleetwood Mac
by CooCooCachoo
Music
15s
Presidents Visiting Landmarks
by Hejman
History
7m
More to Explore
Quiz From the Vault
Featured Blog Post
Where Did the Easter Bunny Come From?
hide this ad
You Might Also Like...
Tags
War Quiz
end
Ended
Treaty
Today's Top Quizzes in History
Browse History
hide this ad
Today's Top Quizzes in War
Browse War
Top Contributed Quizzes in History
1
Popular People in 1991
2
Popular People in 1981
3
Popular People in 1951
4
Popular People in 1941
5
Popular People in 1986
6
Popular People in 1976
7
Popular People in 1921
8
I Am Born On March 28th
9
5-to-1: 20th Century Images of War
10
Popular People in 1946
Explore More
Trending Topics
NBA
Anime
Crossword
Disney
Harry Potter
Marvel
Kpop
Soccer
WWE
Pokémon
Song
Country
The Office
NFL
Puzzle
hide this ad
More By:
OnABoat999
Quiz
Plays
Rating
Category
Featured
Created
Major Veins and Arteries
3,745
2.60
Science
Mar 28, 2010
Italian Foods
2,005
2.90
Miscellaneous
Jan 23, 2010
British Literature I
841
3.17
Literature
Jan 4, 2013
British Literature III
469
1.00
Literature
Jan 4, 2013
British Literature II
391
2.80
Literature
Jan 4, 2013
Go to Creator's Profile
Score Distribution
Quiz Creator Spotlight
OnABoat999
Follow
Send a Message
Quizzes Created
-
Created Quiz Play Count
-
More By This Creator
Popular Quizzes Today
1
Find the US States - No Outlines Minefield
2
Find the Countries of Europe - No Outlines Minefield
3
The Countries of the World
4
Find the US States
5
Risky Map Clicking: Biggest States A-Z
6
US States
7
Popular People in 1961
8
Movies - When Are They Set?
More History Quizzes
Hand-Drawn History II
Published
Trending Quizzes
Risky Map Clicking: Least Populous States A-Z
1-10 Letter G Words
1-10 Letter F Words
Risky Map Clicking: Next State Alphabetically
Risky Map Clicking: Biggest States A-Z
Recently Updated
Leaping Animals
pecheneg
Reality TV Shows (A-Z)
bhenderson79
Rickey Henderson's Hall of Fame Teammates
pecheneg
Champions League XIs: Arsenal
pecheneg
Quick Pick: Celebrities in WWE's Hall of Fame
aduchscher
A-Z Keypad Blitz II
pecheneg
Multiple Oscar Actors
pecheneg
Mystery Phrase Blitz: Oscar 'Best Actors'
pecheneg
F. Scott Fitzgerald Novels
LTH
Pick 3 Villains
ddd62291
Trending Topics
NBA
Anime
Kpop
Crossword
Harry Potter
Marvel
Disney
The Office
Country
Pokémon
Puzzle
Soccer
WWE
NFL
Song
Your Account Isn't Verified!
In order to create a playlist on Sporcle, you need to verify the email address you used during registration. Go to your
Sporcle Settings
to finish the process.
Report this User
Report this user for behavior that violates our
Community Guidelines
.
Details:
Send Report
Go to the Sporcle.com Mobile Site →
Comments